Obálka Náhled e-knihy:
Epub
Pro půjčování e-knih musíte být přihlášeni.
Jak si půjčit online?

Emilka : život lidem nakládá, kolik unesou : román /

Román o opravdové lidskosti, o kráse čirého dobra a o duších obyčejných lidí, jejichž příběhy známe i ze svého vlastního okolí.

Uloženo v:
Hlavní autor: Fajnorová, Ivana, 1967- (Autor)
Médium: E-kniha
Jazyk:Czech
Vydáno: V Brně : Jota, 2022
Vydání:První vydání
Témata:
Tagy:
Žádné tagy
LEADER 01931cam a2200361 i 4500
001 311682
003 CZ PrSKC
005 20260601215710.0
007 ta
008 221004s2022 xr g 000 f cze d
015 |a cnb003457834 
020 |a 9788076890008  |q (vázáno) 
035 |a (OCoLC)1354196477 
040 |a CBA001  |b cze  |d ABG001  |d ABA001  |e rda 
072 7 |a 821.162.3-3  |x Česká próza  |2 Konspekt 
080 |a 821.162.3-31  |2 MRF 
080 |a (0:82-31)  |2 MRF 
100 1 |a Fajnorová, Ivana,  |d 1967-  |7 xx0219072  |4 aut 
245 1 0 |a Emilka :  |b život lidem nakládá, kolik unesou : román /  |c Ivana Fajnorová 
250 |a První vydání 
264 1 |a V Brně :  |b Jota,  |c 2022 
300 |a 388 stran ;  |c 22 cm 
336 |a text  |b txt  |2 rdacontent 
337 |a bez média  |b n  |2 rdamedia 
338 |a svazek  |b nc  |2 rdacarrier 
520 2 |a Román o opravdové lidskosti, o kráse čirého dobra a o duších obyčejných lidí, jejichž příběhy známe i ze svého vlastního okolí.  |b Emilka přišla na svět za první republiky na dědině nedaleko Brna a odešla z něho, když se její země stala znovu svobodnou. Tento kraj nikdy neopustila a svůj život prožila ve 20. století plném událostí, jejichž důsledky ovlivnit neuměla. Přestože byl Emilčin život protkán radostmi i bolestmi obyčejného člověka, nikdy neztratila sílu jim statečně čelit. Nakladatelská anotace. Kráceno. 
655 7 |a české romány  |7 fd133974  |2 czenas 
655 9 |a Czech fiction  |2 eczenas 
900 |a ABA001  |b 19 
044 |a xr 
910 |a RBIT002 
998 |d 361121  |a https://core.palmknihy.cz/api/books/361121/cover?riyu8c  |b https://core.palmknihy.cz/api/books/361121/cover/400?riyu8c  |c https://core.palmknihy.cz/api/books/361121/cover/50?riyu8c  |e 2032-01-31  |g 391  |i 9788076890008  |j https://core.palmknihy.cz/api/books/361121/preview.epub  |l   |q 49  |r 1  |s https://www.palmknihy.cz/kniha/361121  |t ebook  |y 2022  |z 0 
999 |d 311680